EG Healthcare (Record no. 81812)
[ view plain ]
| 000 -LEADER | |
|---|---|
| fixed length control field | 00843cab a22001935a 4500 |
| 001 - CONTROL NUMBER | |
| control field | L148380 |
| 008 - FIXED-LENGTH DATA ELEMENTS--GENERAL INFORMATION | |
| fixed length control field | 090911e2009 xxkao f s 000 0 eng d |
| 035 ## - SYSTEM CONTROL NUMBER | |
| System control number | (Sirsi) u148380 |
| 041 0# - LANGUAGE CODE | |
| Language code of text/sound track or separate title | eng |
| 100 1# - MAIN ENTRY--PERSONAL NAME | |
| Personal name | Pio Kivlehan, Noella |
| 245 00 - TITLE STATEMENT | |
| Title | EG Healthcare |
| Remainder of title | mixed prognosis |
| 260 ## - PUBLICATION, DISTRIBUTION, ETC. | |
| Date of publication, distribution, etc. | 2009 |
| 490 ## - SERIES STATEMENT | |
| Series statement | Estates Gazette |
| Volume/sequential designation | (0927) 11 July 2009, 63-69(6) |
| 520 ## - SUMMARY, ETC. | |
| Summary, etc. | The policy of NHS Trusts to dispose of surplus property assests and redundant sites which reached a peak in 2007 has been badly affected by recession. Unlike commercial developers, the NHS does not sell surplus sites for outright profit but to ensure that property assets are used effectively and that the best value is acheived. |
| 590 ## - LOCAL NOTE (RLIN) | |
| Local note | KA |
| 651 #4 - SUBJECT ADDED ENTRY--GEOGRAPHIC NAME | |
| Geographic name | United Kingdom |
| Chronological subdivision | |
| 690 ## - LOCAL SUBJECT ADDED ENTRY--TOPICAL TERM (OCLC, RLIN) | |
| Topical term or geographic name as entry element | PROPERTY-OTHER PROPERTY TYPES-HEALTHCARE AND WELFARE PROPERTY |
| 942 ## - ADDED ENTRY ELEMENTS (KOHA) | |
| Suppress in OPAC | 0 |
| Withdrawn status | Lost status | Source of classification or shelving scheme | Damaged status | Not for loan | Home library | Current library | Shelving location | Date acquired | Total Checkouts | Full call number | Barcode | Date last seen | Copy number | Price effective from | Koha item type |
|---|---|---|---|---|---|---|---|---|---|---|---|---|---|---|---|
| Dewey Decimal Classification | London | London | Journal article | 11/09/2009 | L148380 | L148380-1001 | 06/08/2019 | 1 | 06/08/2019 | Journal article |